000
00314nam a22001337a 4500
020
_a
0-679-81347-0
082
_a
823
_b
FAR/B
100
_a
FARLEY, WALTER
245
_a
THE BLACK STALLION'S BLOOD BAY COLT
260
_a
NEW YORK
_b
RANDOM HOUSE
_c
1994
300
_a
278
650
_a
NOVEL
_z
UNITED STATES
942
_c
BK
999
_c
3180
_d
3180